How can Building Information Modelling (BIM) support the New Rules of Measurement (NRM1) (Record no. 115295)
[ view plain ]
| 000 -LEADER | |
|---|---|
| fixed length control field | 01597cad a2200301 4500 |
| 001 - CONTROL NUMBER | |
| control field | L158416 |
| 008 - FIXED-LENGTH DATA ELEMENTS--GENERAL INFORMATION | |
| fixed length control field | 100215n2014 000 0 eng u |
| 035 ## - SYSTEM CONTROL NUMBER | |
| System control number | (Sirsi) u158416 |
| 041 ## - LANGUAGE CODE | |
| Language code of text/sound track or separate title | eng |
| 110 2# - MAIN ENTRY--CORPORATE NAME | |
| Corporate name or jurisdiction name as entry element | Royal Institution of Chartered Surveyors |
| 9 (RLIN) | 4900 |
| 245 00 - TITLE STATEMENT | |
| Title | How can Building Information Modelling (BIM) support the New Rules of Measurement (NRM1) |
| Medium | [electronic resource] |
| 260 ## - PUBLICATION, DISTRIBUTION, ETC. | |
| Place of publication, distribution, etc. | London |
| Name of publisher, distributor, etc. | RICS |
| Date of publication, distribution, etc. | 2014 |
| 490 #0 - SERIES STATEMENT | |
| Series statement | RICS Research |
| 520 ## - SUMMARY, ETC. | |
| Summary, etc. | Investigates the required information from a BIM model to support the RICS?s New Rule of Measurement order of cost estimating and elemental cost planning, (NRM1). It provides overall guidance for the quantity surveyors on the types of measurements a BIM model can generate, and the ways of utilising the quantity information in a BIM model. The report reviews the four most well-known software tools in the UK market, namely, Solibri model checker, Autodesk QTO, CostX and Causeway BIM measure, based on a set of criteria which is relevant to the NRM1 cost estimating and cost planning exercise. |
| 650 24 - SUBJECT ADDED ENTRY--TOPICAL TERM | |
| Topical term or geographic name entry element | NEW RULES OF MEASUREMENT 1 |
| 650 24 - SUBJECT ADDED ENTRY--TOPICAL TERM | |
| Topical term or geographic name entry element | COST PLANNING |
| 650 24 - SUBJECT ADDED ENTRY--TOPICAL TERM | |
| Topical term or geographic name entry element | COST ESTIMATING |
| 651 #4 - SUBJECT ADDED ENTRY--GEOGRAPHIC NAME | |
| Geographic name | United Kingdom |
| 690 ## - LOCAL SUBJECT ADDED ENTRY--TOPICAL TERM (OCLC, RLIN) | |
| Topical term or geographic name as entry element | BIM |
| 9 (RLIN) | 6219 |
| 690 ## - LOCAL SUBJECT ADDED ENTRY--TOPICAL TERM (OCLC, RLIN) | |
| Topical term or geographic name as entry element | Quantity surveying |
| 9 (RLIN) | 6263 |
| 700 1# - ADDED ENTRY--PERSONAL NAME | |
| Personal name | Wu, Song |
| 700 1# - ADDED ENTRY--PERSONAL NAME | |
| Personal name | Ginige, Kanchana |
| 700 1# - ADDED ENTRY--PERSONAL NAME | |
| Personal name | Wood, Gerard |
| 700 1# - ADDED ENTRY--PERSONAL NAME | |
| Personal name | Jong, Siaw Wee |
| 710 1# - ADDED ENTRY--CORPORATE NAME | |
| Corporate name or jurisdiction name as entry element | University of Salford |
| 9 (RLIN) | 3465 |
| 856 48 - ELECTRONIC LOCATION AND ACCESS | |
| Uniform Resource Identifier | <a href="https://www.propertyresearchtrust.org/uploads/1/3/4/8/134819607/bim_new_rules_of_measurement_1.pdf">https://www.propertyresearchtrust.org/uploads/1/3/4/8/134819607/bim_new_rules_of_measurement_1.pdf</a> |
| Public note | Available from the Property Research Trust |
| 942 ## - ADDED ENTRY ELEMENTS (KOHA) | |
| Suppress in OPAC | 0 |
| Source of classification or shelving scheme | Dewey Decimal Classification |
| Withdrawn status | Lost status | Damaged status | Not for loan | Home library | Current library | Shelving location | Date acquired | Total Checkouts | Full call number | Date last seen | Copy number | Koha item type |
|---|---|---|---|---|---|---|---|---|---|---|---|---|
| Virtual | Virtual | Online | 10/02/2015 | SCAN | 02/02/2024 | 1 | Online material |